000 00301nam a22001457a 4500
008 210528b ||||| |||| 00| 0 eng d
020 _a0918091896
041 _aeng
080 _a510
082 _a510
100 _a38
101 _aMAT
245 _aPre Calculus
_cPaul Sisson
942 _2udc
_cBK
999 _c57794
_d57794